| 000 | 00782nam a2200193 i 4500 | ||
|---|---|---|---|
| 001 | 142073 | ||
| 003 | ES-MaACL | ||
| 005 | 20251215144033.0 | ||
| 007 | t| | ||
| 008 | 071002s1966 sp ||||1| spa d | ||
| 245 | 0 | 0 |
_aAnuario de eusko-folklore : _btrabajos de etnografía y arqueología 1963-1964. _nTomo XX / _cJosé Miguel de Barandiarán ; Seminario de Etnología... de la R.S.V. de Amigos del País. |
| 260 |
_aSan Sebastián : _bSeminario de Etnología del Grupo de Ciencias Naturales Aranzadi, _c1966. |
||
| 300 |
_a180 p., 2 h. pleg. de lám. ; _c24 cm. |
||
| 600 | 1 | 4 |
_aBarandiarán, José Miguel de, _d1889-1991 _925311 |
| 650 | 7 |
_aAntropología cultural y social _2embne _99867 |
|
| 852 |
_aES-MaACL _jC-31223 |
||
| 942 | _2udc | ||
| 999 |
_c142073 _d142073 |
||